000 00405nam a2200133Ia 4500
008 230917s9999||||xx |||||||||||||| ||und||
040 _e89563
_aMAIN
041 _aEnglish
082 _a370.153 S61C
100 _aSuman
245 0 _aComparative study of adjustment of school children belonging to large and small families in the context of extroversion and introversion
300 _a81 p.
942 _cTH
999 _c87164
_d87164